LDR 01535naa#a2200241#i#450# 001 RU\\bibl\119780 005 20260416051226.4 011 ## _a0235-2524 100 ## _a20260407b2026####ek#y0rusy0150####ca 102 ## _aRU 200 1# _aАнализ рекультивируемых и нарушенных земель при разработке карьеров _eЖурнальная статья 210 1# _aМосква _cАНО «Редакция журнала «Мелиорация и водное хозяйство» _d2026 215 ## _a3 с. 606 ## _aСельское, лесное и рыбное хозяйство. 35.00.00 _aСельское хозяйство. 35.06.01 _2local 608 ## _aЖурнальная статья _2local 675 ## _aОрганизация и управление сельскохозяйственным производством. Земледелие. Садоводство. 631/635 _aСельскохозяйственная мелиорация. 631.6 _z 686 ## _aЕстественнонаучные и технические основы сельского хозяйства. 40 _2bbk 686 ## _aСельскохозяйственная мелиорация. 5607 _2tbk 686 ## _aСельскохозяйственная мелиорация. 68.31 _2grnti 700 #1 _aВолков _gАлександр Дмитриевич 700 #1 _aНесмачный _gПавел Юрьевич 700 #1 _aКитаев _gДмитрий Александрович 856 4# _amivh.editorum.ru _u